The Classical Heritage and Its Beneficiaries (Record no. 572749)

MARC details
000 -LEADER
fixed length control field 00378nam a2200145Ia 4500
008 - FIXED-LENGTH DATA ELEMENTS--GENERAL INFORMATION
fixed length control field 250618s9999 xx 000 0 und d
020 ## - INTERNATIONAL STANDARD BOOK NUMBER
ISBN 9780521098120
082 ## - DEWEY DECIMAL CLASSIFICATION NUMBER
Classification number 901
Item number BOL
100 ## - MAIN ENTRY--AUTHOR NAME
Personal name Bolgar, R. R.
245 #4 - TITLE STATEMENT
Title The Classical Heritage and Its Beneficiaries
260 ## - PUBLICATION, DISTRIBUTION, ETC. (IMPRINT)
Name of publisher Cambridge University Press
Year of publication 1954
300 ## - PHYSICAL DESCRIPTION
Number of Pages 600
942 ## - ADDED ENTRY ELEMENTS (KOHA)
Koha item type English Books
Holdings
Withdrawn status Lost status Damaged status Not for loan Home library Current library Shelving location Date acquired Full call number Accession Number Price effective from Koha item type
        Anna Centenary Library Anna Centenary Library 7TH FLOOR, B WING 18.06.2025 901 BOL 232382 18.06.2025 English Books

Find us on the map